[Event "GER-ch 2014-C-V3-E serv"]
[Site "GER email"]
[Date "2014.07.10"]
[Round "?"]
[White "Gierth, Karlheinz"]
[Black "Angermann, Immo Frank"]
[Result "1-0"]
[WhiteElo "2020"]
[BlackElo "1733"]
[PlyCount "53"]
[EventDate "2014.07.10"]
[EventType "tourn (corr)"]
[EventRounds "6"]
[EventCountry "GER"]
[SourceTitle "Corr 2015"]
[Source "ChessBase"]
[SourceDate "2015.07.17"]
[SourceVersion "1"]
[SourceVersionDate "2015.07.17"]
[SourceQuality "1"]

1. c4 c5 2. g3 g6 3. Bg2 Bg7 4. Nc3 Nc6 5. Nf3 Nf6 6. d4 cxd4 7. Nxd4 Qb6 8. e3 0-0 9. 0-0 d6 10. b3 Bd7 11. Bb2 Rac8 12. Qd2 Rfe8 13. Rfd1 Qc7 14. Nde2 Qa5 15. Rac1 Qh5 16. Nf4 Qh6 17. Nfd5 Nxd5 18. Nxd5 Bxb2 19. Qxb2 Bh3 20. c5 Bxg2 21. Kxg2 dxc5 22. Rxc5 Qg7 23. Qc2 e6 24. Nb4 Ne7 25. Rd7 Qf6 26. Rxe7 Qxe7 27. Rxc8 1-0

[Event "GER-ch 2014-C-V3-E serv"]
[Site "GER email"]
[Date "2014.07.10"]
[Round "?"]
[White "Zitzmann, Johann"]
[Black "Gierth, Karlheinz"]
[Result "1/2-1/2"]
[WhiteElo "2083"]
[BlackElo "2020"]
[PlyCount "120"]
[EventDate "2014.07.10"]
[EventType "tourn (corr)"]
[EventRounds "6"]
[EventCountry "GER"]
[SourceTitle "Corr 2015"]
[Source "ChessBase"]
[SourceDate "2015.07.17"]
[SourceVersion "1"]
[SourceVersionDate "2015.07.17"]
[SourceQuality "1"]

1. e4 c6 2. d4 d5 3. Nc3 dxe4 4. Nxe4 Bf5 5. Ng3 Bg6 6. N1e2 e6 7. Nf4 Bd6 8. h4 Qc7 9. Nxg6 hxg6 10. Ne4 Bf4 11. Bxf4 Qxf4 12. Qd3 Nf6 13. Nxf6+ Qxf6 14. Qb3 b6 15. Qe3 Rxh4 16. Rxh4 Qxh4 17. g3 Qh1 18. c4 Nd7 19. 0-0-0 Rc8 20. Be2 Qh3 21. Qa3 a5 22. Qd6 Qg2 23. Bd3 Qf3 24. Re1 Qf6 25. Rh1 Qe7 26. Rh8+ Nf8 27. Qe5 f6 28. Qe3 Kf7 29. Kc2 Rd8 30. d5 cxd5 31. Qxb6 dxc4 32. Bxc4 Qd7 33. Kc3 g5 34. Kb3 Rc8 35. Kc3 a4 36. f4 gxf4 37. gxf4 g6 38. Rh3 Qd5 39. b3 axb3 40. axb3 Qe4 41. Qd6 Qa8 42. Rd3 Rc6 43. Qd4 Qa1+ 44. Kb4 Qxd4 45. Rxd4 Ke7 46. Rd1 f5 47. Bb5 Rc8 48. Bc4 Nd7 49. Re1 e5 50. fxe5 g5 51. Kc3 Nb6 52. Kd4 Nxc4 53. bxc4 Ke6 54. Rc1 Rd8+ 55. Ke3 Rd7 56. c5 Kxe5 57. c6 Re7 58. Kf3 Kd6 59. Rg1 Rg7 60. Rc1 Ra7 1/2-1/2

[Event "GER-ch 2012-F-F serv"]
[Site "GER email"]
[Date "2014.07.08"]
[Round "?"]
[White "Gierth, Karlheinz"]
[Black "Neumann, Walter"]
[Result "1/2-1/2"]
[WhiteElo "1986"]
[BlackElo "2153"]
[PlyCount "91"]
[EventDate "2014.07.10"]
[EventType "tourn (corr)"]
[EventRounds "9"]
[EventCountry "GER"]
[SourceTitle "Corr 2020"]
[Source "ChessBase"]
[SourceDate "2019.09.30"]
[SourceVersion "1"]
[SourceVersionDate "2019.09.30"]
[SourceQuality "1"]

1. c4 Nf6 2. g3 e6 3. Nf3 d5 4. d4 dxc4 5. Bg2 Nc6 6. Qa4 Bd6 7. 0-0 0-0 8. Qxc4 e5 9. Nc3 exd4 10. Nxd4 Nxd4 11. Qxd4 Be7 12. Be3 c6 13. Qa4 Qc7 14. Rad1 Be6 15. Bd4 Rfe8 16. f4 Bd7 17. Rd2 a6 18. e4 Rad8 19. Qc2 Be6 20. Kh1 Bb4 21. a3 Ba5 22. Rdd1 Bg4 23. Rd3 Qc8 24. b4 Bc7 25. Rd2 Qe6 26. e5 Qc4 27. Be3 Rxd2 28. Qxd2 Rd8 29. Qe1 Nd7 30. Ne4 f6 31. exf6 Nxf6 32. Nxf6+ gxf6 33. Bc5 Be2 34. Rg1 Kf7 35. Qf2 Qc2 36. Qe3 Re8 37. Qd4 Bg4 38. h3 Be6 39. Qd1 Qxd1 40. Rxd1 Rd8 41. Rxd8 Bxd8 42. Kg1 h5 43. Bf3 Kg6 44. h4 f5 45. Bd4 Bc4 46. Kf2 1/2-1/2

[Event "GER-ch 2012-F-F serv"]
[Site "GER email"]
[Date "2014.07.08"]
[Round "?"]
[White "Gierth, Karlheinz"]
[Black "Scharf, Wolfgang"]
[Result "1/2-1/2"]
[WhiteElo "1986"]
[BlackElo "1921"]
[PlyCount "74"]
[EventDate "2014.07.10"]
[EventType "tourn (corr)"]
[EventRounds "9"]
[EventCountry "GER"]
[SourceTitle "Corr 2020"]
[Source "ChessBase"]
[SourceDate "2019.09.30"]
[SourceVersion "1"]
[SourceVersionDate "2019.09.30"]
[SourceQuality "1"]

1. c4 e5 2. g3 Nf6 3. Bg2 d5 4. cxd5 Nxd5 5. Nc3 Nb6 6. Nf3 Nc6 7. 0-0 Be7 8. a3 0-0 9. b4 Be6 10. Rb1 f6 11. d3 a5 12. b5 Nd4 13. Nd2 Qc8 14. e3 Nf5 15. Bb2 Rd8 16. Qc2 a4 17. Rfd1 Nd6 18. Bc1 Nf7 19. Nc4 Kh8 20. Bb2 Nxc4 21. dxc4 Bxc4 22. Rxd8+ Qxd8 23. Rd1 Nd6 24. Bd5 Qf8 25. Nxa4 Bxb5 26. Nc5 Qb8 27. Rc1 c6 28. Be6 Qa7 29. a4 Bc4 30. Bxc4 Qxc5 31. Bb3 Qxc2 32. Bxc2 g6 33. Ba3 Nc8 34. Bxe7 Nxe7 35. Rb1 Ra7 36. Rd1 Nd5 37. Bb3 Ra5 1/2-1/2

[Event "GER-ch 2012-F-F serv"]
[Site "GER email"]
[Date "2014.07.08"]
[Round "?"]
[White "Haumann, Joachim"]
[Black "Gierth, Karlheinz"]
[Result "1/2-1/2"]
[WhiteElo "2060"]
[BlackElo "1986"]
[PlyCount "68"]
[EventDate "2014.07.10"]
[EventType "tourn (corr)"]
[EventRounds "9"]
[EventCountry "GER"]
[SourceTitle "Corr 2020"]
[Source "ChessBase"]
[SourceDate "2019.09.30"]
[SourceVersion "1"]
[SourceVersionDate "2019.09.30"]
[SourceQuality "1"]

1. Nf3 f5 2. d4 Nf6 3. g3 e6 4. c4 Be7 5. Bg2 d6 6. 0-0 0-0 7. Nc3 Qe8 8. Qc2 Qh5 9. Bg5 h6 10. Bxf6 Bxf6 11. e4 Nc6 12. Nb5 Rf7 13. exf5 e5 14. dxe5 Bxf5 15. Qb3 dxe5 16. Nc3 Rb8 17. Nd5 Qg6 18. Rfe1 Kh8 19. h3 a5 20. Nxf6 Qxf6 21. Qc3 Bxh3 22. Bxh3 Qxf3 23. Qxf3 Rxf3 24. Rad1 Rbf8 25. Rd2 g5 26. b3 R3f7 27. Bg2 Re7 28. Bxc6 bxc6 29. Red1 Kg7 30. Rd8 Ref7 31. R1d7 Rxd7 32. Rxd7+ Rf7 33. Rd8 Rf8 34. Rd7+ Rf7 1/2-1/2

[Event "GER-ch 2012-F-F serv"]
[Site "GER email"]
[Date "2014.07.08"]
[Round "?"]
[White "Mueller, Detlef"]
[Black "Gierth, Karlheinz"]
[Result "1/2-1/2"]
[WhiteElo "2108"]
[BlackElo "1986"]
[PlyCount "73"]
[EventDate "2014.07.10"]
[EventType "tourn (corr)"]
[EventRounds "9"]
[EventCountry "GER"]
[SourceTitle "Corr 2020"]
[Source "ChessBase"]
[SourceDate "2019.09.30"]
[SourceVersion "1"]
[SourceVersionDate "2019.09.30"]
[SourceQuality "1"]

1. b4 e5 2. Bb2 Bxb4 3. Bxe5 Nf6 4. e3 0-0 5. Nf3 d5 6. c4 c5 7. a3 Ba5 8. cxd5 Nxd5 9. Qc2 Nc6 10. Bb2 Bg4 11. Be2 Qe7 12. 0-0 Rad8 13. h3 Bh5 14. Nc3 Nxc3 15. Bxc3 Bg6 16. Qb2 Bxc3 17. Qxc3 b6 18. Rfd1 h6 19. d4 Nxd4 20. Nxd4 cxd4 21. Rxd4 Rxd4 22. Qxd4 Rd8 23. Qb2 Kh7 24. Rc1 Be4 25. Rc4 f5 26. Qc1 Rd7 27. f3 Bd3 28. Bxd3 Rxd3 29. Rc3 Rd5 30. Rc7 Qd6 31. Qc3 Qg3 32. Qc1 Rd6 33. Rxa7 Rg6 34. Qf1 Qxh3 35. Qf2 Qh5 36. Ra4 Qg5 37. Qd2 1/2-1/2

[Event "GER-ch 2012-F-F serv"]
[Site "GER email"]
[Date "2014.07.08"]
[Round "?"]
[White "Noeth, Dieter"]
[Black "Gierth, Karlheinz"]
[Result "1/2-1/2"]
[WhiteElo "2193"]
[BlackElo "1986"]
[PlyCount "80"]
[EventDate "2014.07.10"]
[EventType "tourn (corr)"]
[EventRounds "9"]
[EventCountry "GER"]
[SourceTitle "Corr 2020"]
[Source "ChessBase"]
[SourceDate "2019.09.30"]
[SourceVersion "1"]
[SourceVersionDate "2019.09.30"]
[SourceQuality "1"]

1. d4 f5 2. g3 Nf6 3. Bg2 e6 4. c4 d5 5. Nh3 c6 6. 0-0 Bd6 7. Qc2 0-0 8. Bf4 Be7 9. a3 Nh5 10. Bd2 Nd7 11. Bb4 a5 12. Bxe7 Qxe7 13. e3 Nhf6 14. cxd5 cxd5 15. Rc1 b6 16. Nc3 Ba6 17. Qd1 Rac8 18. Bf1 Bxf1 19. Qxf1 Ne4 20. Nxe4 fxe4 21. Qa6 Rcd8 22. Rc7 Qf6 23. Qe2 e5 24. Qh5 g6 25. Qg4 exd4 26. exd4 Rf7 27. Qg5 Qxg5 28. Nxg5 Rf6 29. Nh3 Nf8 30. Nf4 g5 31. Nh5 Rg6 32. Rd1 Ne6 33. Rb7 g4 34. Rxb6 Nxd4 35. Nf6+ Kf7 36. Rxd4 Rxf6 37. Rb5 Ke6 38. Rxa5 Rf3 39. Rb5 Rd3 40. Rxd3 exd3 1/2-1/2

[Event "GER-ch 2014-B-V3-E serv"]
[Site "GER email"]
[Date "2014.05.15"]
[Round "?"]
[White "Grehling, Martin"]
[Black "Gierth, Karlheinz"]
[Result "0-1"]
[WhiteElo "1576"]
[BlackElo "2222"]
[PlyCount "46"]
[EventDate "2014.04.15"]
[EventType "tourn (corr)"]
[EventRounds "6"]
[EventCountry "GER"]
[SourceTitle "Corr 2015"]
[Source "ChessBase"]
[SourceDate "2015.07.17"]
[SourceVersion "1"]
[SourceVersionDate "2015.07.17"]
[SourceQuality "1"]

1. d4 c5 2. d5 e5 3. Nc3 d6 4. e4 a6 5. Nf3 b5 6. a4 b4 7. Ne2 Be7 8. Ng3 h5 9. Qd3 h4 10. Ne2 a5 11. Qe3 Ba6 12. Nd2 Nd7 13. Qh3 Nb6 14. f4 c4 15. fxe5 dxe5 16. Qf5 Nf6 17. Qxe5 0-0 18. Nf3 Re8 19. Ng5 Bc5 20. Qf4 Nbxd5 21. Qf3 Nb6 22. Qf4 Bb7 23. Qxh4 Bxe4 0-1

[Event "GER-ch 2012-B-F serv"]
[Site "GER email"]
[Date "2013.10.29"]
[Round "?"]
[White "Gierth, Karlheinz"]
[Black "Grube, Andreas"]
[Result "1/2-1/2"]
[WhiteElo "2030"]
[BlackElo "2124"]
[PlyCount "107"]
[EventDate "2013.11.04"]
[EventType "tourn (corr)"]
[EventRounds "8"]
[EventCountry "GER"]
[SourceTitle "Corr 2015"]
[Source "ChessBase"]
[SourceDate "2015.07.17"]
[SourceVersion "1"]
[SourceVersionDate "2015.07.17"]
[SourceQuality "1"]

1. c4 e5 2. g3 Nc6 3. Nc3 Bc5 4. Bg2 Nf6 5. Nf3 d6 6. d3 h6 7. 0-0 0-0 8. a3 a5 9. e3 Re8 10. b3 Bf5 11. Bb2 Qd7 12. Nd5 Nxd5 13. cxd5 Ne7 14. d4 exd4 15. Nxd4 Bh3 16. Qd3 Bxg2 17. Kxg2 c6 18. dxc6 bxc6 19. Nf3 Rab8 20. Nd2 Bb6 21. Rac1 d5 22. Be5 Rbc8 23. Qa6 Ba7 24. Bc3 Ra8 25. Qd3 c5 26. Bxa5 Nc6 27. Bc3 d4 28. Ba1 Ne5 29. Qe2 Qb7+ 30. e4 f5 31. f3 fxe4 32. fxe4 Re6 33. Rf5 Rae8 34. Rcf1 Qa6 35. Qxa6 Rxa6 36. a4 Ng4 37. Nc4 Rxe4 38. Rf7 Re2+ 39. Kf3 Kxf7 40. Kxe2+ Ke6 41. Rf4 Ne5 42. Nxe5 Kxe5 43. Rf7 Bb8 44. Rb7 Bd6 45. Kd3 Kd5 46. Bb2 Be5 47. Rd7+ Kc6 48. Re7 Bd6 49. Rxg7 Rb6 50. Bc1 Rxb3+ 51. Ke4 Rb8 52. Bxh6 Rh8 53. Rg6 Re8+ 54. Kd3 1/2-1/2

[Event "GER-ch 2012-B-F serv"]
[Site "GER email"]
[Date "2013.10.29"]
[Round "?"]
[White "Preusse, Goetz"]
[Black "Gierth, Karlheinz"]
[Result "1/2-1/2"]
[WhiteElo "2006"]
[BlackElo "2030"]
[PlyCount "54"]
[EventDate "2013.11.04"]
[EventType "tourn (corr)"]
[EventRounds "8"]
[EventCountry "GER"]
[SourceTitle "Corr 2015"]
[Source "ChessBase"]
[SourceDate "2015.07.17"]
[SourceVersion "1"]
[SourceVersionDate "2015.07.17"]
[SourceQuality "1"]

1. e4 c6 2. d4 d5 3. Nc3 dxe4 4. Nxe4 Bf5 5. Ng3 Bg6 6. h4 h6 7. Nf3 Nd7 8. h5 Bh7 9. Bd3 Bxd3 10. Qxd3 e6 11. Bf4 Qa5+ 12. Bd2 Bb4 13. Ne4 Ngf6 14. Nd6+ Ke7 15. Nc4 Bxd2+ 16. Nfxd2 Qc7 17. Ne4 Nxe4 18. Qxe4 Rhd8 19. 0-0-0 Kf8 20. Ne5 Nxe5 21. dxe5 Kg8 22. f4 Qa5 23. a3 Qc5 24. g4 Rd5 25. Rhe1 Rad8 26. Rxd5 cxd5 27. Qd3 Rc8 1/2-1/2

[Event "Remote Federal-ch email"]
[Site "Remote email"]
[Date "2013.09.12"]
[Round "?"]
[White "Gierth, Karlheinz"]
[Black "Leisebein, Peter"]
[Result "1/2-1/2"]
[WhiteElo "2272"]
[BlackElo "2445"]
[PlyCount "64"]
[EventDate "2013.??.??"]
[EventType "swiss (corr)"]
[EventRounds "12"]
[EventCountry "GER"]
[SourceTitle "Corr 2015"]
[Source "ChessBase"]
[SourceDate "2015.07.17"]
[SourceVersion "1"]
[SourceVersionDate "2015.07.17"]
[SourceQuality "1"]

1. c4 e5 2. g3 Nf6 3. Bg2 d5 4. cxd5 Nxd5 5. Nc3 Nb6 6. Nf3 Nc6 7. 0-0 Be7 8. a3 0-0 9. b4 Be6 10. Rb1 f6 11. d3 a5 12. b5 Nd4 13. Nd2 Qc8 14. e3 Nf5 15. Bb2 Rd8 16. Qc2 Nd6 17. Rbc1 a4 18. Rfe1 Bh3 19. Bf3 Bf8 20. Nde4 Nf7 21. Be2 Qe6 22. Nd2 Nd6 23. d4 exd4 24. exd4 Bf5 25. Nce4 Rac8 26. Bf1 Nxe4 27. Nxe4 Bg6 28. Bd3 Qf7 29. Nc5 Bxd3 30. Qxd3 Qd5 31. Ne6 Re8 32. Nxf8 Rxe1+ 1/2-1/2